Welcome to WEB OPAC of MRSPTU Central Library

Governance in India : For Civil Services Preliminary( GS-I) and Main( GS-II) Examinations (Record no. 6530)

MARC details
000 -LEADER
fixed length control field 00497nam a2200169Ia 4500
008 - FIXED-LENGTH DATA ELEMENTS--GENERAL INFORMATION
fixed length control field 230711s9999||||xx |||||||||||||| ||und||
020 ## - INTERNATIONAL STANDARD BOOK NUMBER
International Standard Book Number 978-93-392-0478-5
041 ## - LANGUAGE CODE
Language code of text/sound track or separate title ENG
082 ## - DEWEY DECIMAL CLASSIFICATION NUMBER
Classification number 320.04
Item number LA-G
100 ## - MAIN ENTRY--PERSONAL NAME
Personal name Laxmikanth,M
245 #0 - TITLE STATEMENT
Title Governance in India : For Civil Services Preliminary( GS-I) and Main( GS-II) Examinations
250 ## - EDITION STATEMENT
Edition statement 2nd Ed.
260 ## - PUBLICATION, DISTRIBUTION, ETC.
Date of publication, distribution, etc. 2017
Place of publication, distribution, etc. New Delhi
Name of publisher, distributor, etc. McGraw Hill Education(India) Private Limited
300 ## - PHYSICAL DESCRIPTION
Extent A-12.3p.
650 ## - SUBJECT ADDED ENTRY--TOPICAL TERM
Topical term or geographic name entry element Literature
942 ## - ADDED ENTRY ELEMENTS (KOHA)
Koha item type Book
Holdings
Withdrawn status Lost status Damaged status Not for loan Collection Home library Current library Date acquired Source of acquisition Cost, normal purchase price Inventory number Total checkouts Full call number Barcode Date last seen Price effective from Koha item type
          MRSPTU Central Library MRSPTU Central Library 07/06/2043 Krishna Book Distributors 470.00 KBD/2017-2018/1019743059   320.04 LA-G 38550 08/17/2023 08/17/2023 Book
          MRSPTU Central Library MRSPTU Central Library 07/06/2043 Krishna Book Distributors 470.00 KBD/2017-2018/1019743059   320.04 LA-G 38551 08/17/2023 08/17/2023 Book
          MRSPTU Central Library MRSPTU Central Library 07/06/2043 Krishna Book Distributors 470.00 KBD/2017-2018/1019743059   320.04 LA-G 38552 08/17/2023 08/17/2023 Book
          MRSPTU Central Library MRSPTU Central Library 07/06/2043 Krishna Book Distributors 470.00 KBD/2017-2018/1019743059   320.04 LA-G 38553 08/17/2023 08/17/2023 Book
          MRSPTU Central Library MRSPTU Central Library 07/06/2043 Krishna Book Distributors 470.00 KBD/2017-2018/1019743059   320.04 LA-G 38554 08/17/2023 08/17/2023 Book
          MRSPTU Central Library MRSPTU Central Library 07/06/2043 Krishna Book Distributors 470.00 KBD/2017-2018/1019743059   320.04 LA-G 38555 08/17/2023 08/17/2023 Book
          MRSPTU Central Library MRSPTU Central Library 07/06/2043 Krishna Book Distributors 470.00 KBD/2017-2018/1019743059   320.04 LA-G 38556 08/17/2023 08/17/2023 Book
          MRSPTU Central Library MRSPTU Central Library 07/06/2043 Krishna Book Distributors 470.00 KBD/2017-2018/1019743059   320.04 LA-G 38557 08/17/2023 08/17/2023 Book
          MRSPTU Central Library MRSPTU Central Library 07/06/2043 Krishna Book Distributors 470.00 KBD/2017-2018/1019743059   320.04 LA-G 38558 08/17/2023 08/17/2023 Book
          MRSPTU Central Library MRSPTU Central Library 07/06/2043 Krishna Book Distributors 470.00 KBD/2017-2018/1019743059   320.04 LA-G 38559 08/17/2023 08/17/2023 Book

Website Designed and Developed by MRSPTU Central Library Team

E-mail Id: librarian@mrsptu.ac.in